000 00671nam a2200277Ia 4500
005 20260324125009.0
008 008 260324s9999 xx 000 0 eng d
020 _a9781315256870
037 _aEBOOK
040 _aCRL
040 _beng
040 _cCRL
041 _2eng
041 _aeng
084 _qCRL
100 _aNikolaos M. Panagiotakes; translated by John C. Davis
_91176301
245 0 _aEl Greco – The Cretan Years
260 _bTaylor and Francis
260 _c2009
365 _a
365 _b240
856 _uhttp://www.taylorfrancis.com/books/9781315256870
942 _cEBOOK
999 _c1771181
_d1771181